MARC

LEADER 00000nam0a2200000 4500
001 261550
005 20231101233556.0
035 |a (RuTPU)RU\TPU\book\284531 
090 |a 261550 
100 |a 20140524d1935 km y0rusy50 ca 
101 0 |a rus 
102 |a RU 
105 |a a z 000zy 
200 1 |a Теория стеклообразования и методы варки стекла  |f И. И. Китайгородский 
210 |a Москва  |a Ленинград  |c Гизлегпром  |d 1935 
215 |a 188 с.  |c ил. 
606 1 |a Стеклообразование  |2 stltpush  |3 (RuTPU)RU\TPU\subj\34607  |9 56521 
610 1 |a стекло 
610 1 |a варка 
610 1 |a история 
610 1 |a стекловаренные печи 
610 1 |a устройство 
610 1 |a КПД 
610 1 |a повышение 
610 1 |a конструкции 
610 1 |a моделирование 
675 |a 666.11.01  |v 3 
700 1 |a Китайгородский  |b И. И. 
801 1 |a RU  |b 63413507  |c 20140524 
801 2 |a RU  |b 63413507  |c 20140625  |g RCR 
942 |c BK